00648nam a2200169 a 4500001001000000003000400010005001700014008004100031040002500072082002400097100003000121245009000151260003900241300002000280651009000300651008800390000030748OSt20201009155250.0110527s1946 dr 000 0 spa d aDO-SdBNPbspacBNPHU a330.97293053bP438a1 aPérez Licairac, Horacio10aAspectos de la liberación financiera de la República /cHorario Pérez Licairac. a[Santo Domingo] :b[s.n. ],c1946. a30 p. ;c21 cm. 4aRepública DominicanaxPolítica económica xHistoriayEra de Trujillo, 1930-1961 4aRepública DominicanaxPolítica y gobiernoxHistoriayEra de Trujillo, 1930-1961